| 000 | 00759nam a2200229 a 4500 | ||
|---|---|---|---|
| 003 | MX-MxUN | ||
| 005 | 20241001063939.0 | ||
| 008 | 991125s1963 ag a r 000 0 spa d | ||
| 035 | _aUPN01000036648 | ||
| 040 |
_aMX-MxUPN _bspa _cMX-MxUPN |
||
| 041 | 1 |
_aspa _hfre |
|
| 050 | 4 |
_aLB1115 _bZ348 |
|
| 100 | 1 |
_aZazzo, René, _d1910-1995 _930922 |
|
| 245 | 1 | 0 | _aManual para el examen psicológico del niño |
| 260 |
_aBuenos Aires : _bKapelusz, _c1963. |
||
| 300 |
_a479 páginas : _bilustraciones |
||
| 490 | 0 | _aBiblioteca de psicología contemporánea | |
| 500 | _aEl ejemplar no tiene portada. | ||
| 650 | 4 |
_aPsicología infantil _990 |
|
| 710 | 2 |
_aInstituto Nacional de Investigación Educativa (México) _epropietario anterior _928086 |
|
| 942 |
_2lcc _cLIBRO |
||
| 999 |
_c36648 _d36648 |
||